书目信息 |
| 题名: |
供配电技术
|
|
| 作者: | 唐志平 主编 | |
| 分册: | ||
| 出版信息: | 北京 电子工业出版社 2005.01 |
|
| 页数: | 255页 | |
| 开本: | 26cm | |
| 丛书名: | ||
| 单 册: | ||
| 中图分类: | TM72 | |
| 科图分类: | ||
| 主题词: | 供电--高等学校--教材 | |
| 电子资源: | ||
| ISBN: | 7-121-00833-5 | |
| 000 | 00967nam0 2200241 450 | |
| 001 | 0168579862 | |
| 005 | 20080619150429.32 | |
| 010 | @a7-121-00833-5@dCNY29.00 | |
| 100 | @a20050314d2005 km y0chiy0120 ea | |
| 101 | 0 | @achi |
| 102 | @aCN@b110000 | |
| 105 | @aa a 000yy | |
| 200 | 1 | @a供配电技术@Agong pei dian ji shu@f主编唐志平@Fzhu bian tang zhi ping |
| 210 | @a北京@c电子工业出版社@d2005.01 | |
| 215 | @a255页@c图@d26cm | |
| 320 | @a有书目 (第356页)。 | |
| 330 | @a本书重点介绍供配电系统的基本知识和理论、计算方法、运行和管理,反映供配电领域的新技术和新产品。全书共11章。主要内容为:供配电系统和电力系统的基本知识,电力负荷计算及无功功率补偿,三相短路分析、短路电流计算及短路的效应,供配电系统,高低压电气设备的选择等。 | |
| 333 | @a信息与电子学科百本精品教材工程, 新编电气与电子信息类本科规划教材 | |
| 606 | 0 | @a供电@x高等学校@x教材 |
| 690 | @aTM72@v4 | |
| 701 | 0 | @a唐志平@Atang zhi ping@4主编 |
| 801 | 0 | @aCN@bQSSK@c20080619 |
| 905 | @a10447@dTM72@eT274 | |
| 供配电技术/主编唐志平.-北京:电子工业出版社,2005.01 |
| 255页:图;26cm |
| 使用对象:信息与电子学科百本精品教材工程, 新编电气与电子信息类本科规划教材 |
| ISBN 7-121-00833-5:CNY29.00 |
| 本书重点介绍供配电系统的基本知识和理论、计算方法、运行和管理,反映供配电领域的新技术和新产品。全书共11章。主要内容为:供配电系统和电力系统的基本知识,电力负荷计算及无功功率补偿,三相短路分析、短路电流计算及短路的效应,供配电系统,高低压电气设备的选择等。 |
| ● |
| 相关链接 |
|
|
|
正题名:供配电技术
索取号:TM72/T274
 
预约/预借
| 序号 | 登录号 | 条形码 | 馆藏地/架位号 | 状态 | 备注 |
| 1 | 452518 | 204525184 | 自科库301/301自科库 12排2列1层/ [索取号:TM72/T274] | 在馆 | |
| 2 | 572601 | 205726017 | 自科二线404/404自科库 22排3列2层/ [索取号:TM72/T274] | 在馆 | |
| 3 | 572602 | 205726026 | 自科库301/301自科库 12排2列1层/ [索取号:TM72/T274] | 在馆 | |
| 4 | 572603 | 205726035 | 自科库301/301自科库 17排3列3层/ [索取号:TM72/T274] | 在馆 |